| 000 | 00618nam a22002177a 4500 | ||
|---|---|---|---|
| 003 | BCEG | ||
| 005 | 20260407130623.0 | ||
| 008 | 260407s2025 mx|||||| |||| 00| 0 spa d | ||
| 020 | _a9786071689016 | ||
| 040 |
_aBCEG _bspa _cBCEG |
||
| 082 | 0 | 4 |
_aM861.4 _bR697m |
| 100 | 1 |
_aRodrigo, Balam, _b1974-. |
|
| 245 | 1 | 0 | _aMachete sin hoja al que le falta el mango. |
| 260 |
_aMéxico : _bFondo de Cultura Económica, _c2025. |
||
| 300 | _a134 p. | ||
| 490 | _aPoesía. | ||
| 541 | _aCompra. | ||
| 586 | _aXVII Premio Mesoamericano de Poesía Luis Cardoza y Aragón, 2023. | ||
| 650 | 1 | 4 | _aPoesía mexicana. |
| 942 | _cBK | ||
| 999 |
_c437158 _d437158 |
||